000 00452nam a2200169Ia 4500
008 090711s9999 xx 000 0 und d
082 _b66162
100 _aगोर्ले शिवराज
245 _aबुलंद
260 _c1990
300 _a230
600 _aगोर्ले शिवराज
630 _aबुलंद
700 _aगोर्ले शिवराज
730 _aबुलंद
942 _cBOOK
999 _c300733
_d300733